EU Countries - One Minute Sprint - Statistics

General Stats
  • This quiz has been taken 63 times
  • The average score is 19 of 27
Answers on the Map
Answers color-coded by a green-red scale on the quiz's map according to % correct below.
 
Answer Stats
Country % Correct
France
91%
Spain
91%
Sweden
91%
Finland
88%
Germany
88%
Ireland
85%
Portugal
85%
Italy
82%
Denmark
79%
Netherlands
79%
Austria
76%
Poland
76%
Belgium
73%
Czechia
73%
Greece
73%
Slovakia
70%
Hungary
67%
Slovenia
64%
Bulgaria
61%
Croatia
61%
Estonia
61%
Latvia
61%
Lithuania
61%
Romania
61%
Luxembourg
55%
Malta
45%
Cyprus
27%
No matching quizzes found
Score Distribution
Percent of People with Each Score
Percentile by Number Answered
Your Score History
You have not taken this quiz